| 000 | 00591nam a2200217Ia 4500 | ||
|---|---|---|---|
| 003 | OSt | ||
| 005 | 20220926021638.0 | ||
| 006 | a|||||r|||| 00| 0 | ||
| 007 | ta | ||
| 008 | 220923b |||||||| |||| 00| 0 eng d | ||
| 037 | _cGeneral Book | ||
| 040 |
_aRTL _cRTL _beng |
||
| 041 |
_2eng _aeng |
||
| 082 | _aW:51m1N45,N63 | ||
| 245 | 0 | _aYearbook on Human rights for 1963 | |
| 260 |
_aNew York _bUnited Nations _c1966 |
||
| 300 |
_aiv 441p _ccm. |
||
| 500 | _aUN Publications Sales No. : 66xiv.1 | ||
| 942 |
_hW:51m1N45,N63 _cGB _2CC |
||
| 999 |
_c637316 _d637316 |
||